Statistics for Never Let Me Go Lyrics (Florence + The Machine)

Click here to take the quiz!

General Stats

  • This quiz has been taken 212 times
    (105 since last reset)
  • The average score is 323 of 363

Answer Stats

Answer% Correct
a
100%
and
100%
I
100%
me
100%
go
98%
go)
98%
let
98%
the
98%
arms
96%
never
96%
(never
96%
no
96%
to
96%
ocean
95%
of
95%
up
95%
in
91%
look
91%
under
91%
all
88%
from
88%
it
88%
like
88%
over
88%
are
86%
devotion
86%
for
86%
it's
86%
Looking
86%
my
86%
not
86%
on
86%
sea
86%
sinner
86%
so
86%
am
84%
I'm
84%
underneath
84%
you
84%
but
82%
this
82%
as
81%
place
81%
rest
81%
deliver
79%
found
79%
head
79%
heaven
79%
rushing
79%
need
77%
oh
77%
giving
75%
moonlight
75%
now
75%
before
74%
breaking
74%
can
74%
carrying
74%
cold
74%
down
74%
just
74%
pray
74%
miles
72%
peaceful
72%
sweet
72%
thousand
72%
was
72%
same
70%
speak
70%
still
70%
take
70%
went
70%
going
68%
deep
67%
fractured
67%
hard
67%
at
65%
reflections
65%
seabed
65%
cannot
63%
way
63%
breathe
61%
choice
61%
cathedral
60%
escape
60%
make
60%
only
60%
crushes
58%
heavy
58%
knew
58%
pressure's
58%
seems
56%
slipping
54%
released
53%
though
53%
where
53%
well
46%

Score Distribution

Percentile by Number Answered

Percent of People with Each Score

Your Score History

You have not taken this quiz since the last reset